LEADER 00837nam0-22003011i-450 001 990004292350403321 005 20210712125508.0 035 $a000429235 100 $a19990604d1967----km-y0itay50------ba 101 0 $aeng 105 $ay-------001yy 200 1 $a<>myth of the State$fErnst Cassirer 210 $aNew Haven$cYale University Press$d1967 215 $aXII, 304 p.$d21 cm 225 1 $aPhilosophy 300 $aCopyright Yale University, 1946 610 0 $aStato$aStoria$aMiti 610 0 $aFilosofia politica 676 $a320.101 676 $a193 700 1$aCassirer,$bErnst$f<1874-1945>$045625 801 0$aIT$bUNINA$gRICA$2UNIMARC 901 $aBK 912 $a990004292350403321 952 $aP.1 9D CASS 41$bST.FIL.2753$fFLFBC 959 $aFLFBC 996 $aMyth of the state$916314 997 $aUNINA LEADER 01064cam0 22002893 450 001 SOB006001 005 20230405105548.0 010 $a2130484131 100 $a20040211d1997 |||||ita|0103 ba 101 $afre 102 $aFR 200 1 $aPascal et Port-Royal$eRecueil établi par Alain Cantillongavec la collaboration de Daniel Arasse [et alii] 210 $aParis$cPresses Universitaires de France$d1997 215 $a424 p.$d22 cm 225 2 $aBibliothèque du Collège International de Philosophie 410 1$1001LAEC00016615$12001 $a*Bibliothèque du Collège International de Philosophie 700 1$aMarin$b, Louis$3AF00006416$4070$0132855 702 1$aCANTILLON, Alain$3AF00017692$4070 801 0$aIT$bUNISOB$c20230405$gRICA 850 $aUNISOB 852 $aUNISOB$j100$m106438 912 $aSOB006001 940 $aM 102 Monografia moderna SBN 941 $aM 957 $a100$b010087$gSI$d106438$rACQUISTO$1carrano$2UNISOB$3UNISOB$420130111105412.0$520130111105449.0$6carrano 996 $aPascal et Port-Royal$91133710 997 $aUNISOB LEADER 01774nam0 2200409 i 450 001 TO00912525 005 20251003044408.0 010 $a8823806194 020 $aIT$b2001-5006 100 $a20151202d2000 ||||0itac50 ba 101 | $aita 102 $ait 181 1$6z01$ai $bxxxe 182 1$6z01$an 200 1 $aInformation technology e gestione del cambiamento organizzativo$fRoberto Ravagnani 210 $aMilano$cEGEA$d©2000 215 $a290 p.$d24 cm. 225 | $aBiblioteca dell'economia d'azienda$v74 410 0$1001CFI0128567$12001 $aBiblioteca dell'economia d'azienda$v74 606 $aAziende$xProcessi innovativi$2FIR$3CFIC004022$9E 606 $aAziende$xSistemi informativi$2FIR$3CFIC015558$9E 676 $a658.4$9DIREZIONE (GESTIONE ESECUTIVA)$v14 676 $a658.4038011$9GESTIONE ESECUTIVA. SISTEMI INFORMATIVI$v21 676 $a658.4062$9GESTIONE DEI CAMBIAMENTI INDOTTI DALL'ESTERNO$v21 696 $aImprese 696 $aImprese 699 $aAziende$yImprese 699 $aAziende$yImprese 700 1$aRavagnani$b, Roberto$3UBOV097786$4070$0438025 801 3$aIT$bIT-000000$c20151202 850 $aIT-BN0095 901 $bNAP 01$cPOZZO LIB.$nVi sono collocati fondi di economia, periodici di ingegneria e scienze, periodici di economia e statistica e altri fondi comprendenti documenti di economia pervenuti in dono. 912 $aTO00912525 950 0$aBiblioteca Centralizzata di Ateneo$c1 v.$d 01POZZO LIB.ECON MON 375$e 0101 0000008455E VMA 1 v. precedente collocazione sez. DASES B 0388$fB $h20080709$i20080709 977 $a 01 996 $aInformation technology e gestione del cambiamento organizzativo$968256 997 $aUNISANNIO